Programovací cyklus štrukturálnych fondov ako faktor zmien podpory regionálneho rozvoja v Slovenskej republike

Implementácia predvstupových fondov EÚ v Slovenskej republike ako prvý pokus o hľadanie nových prístupov k regionálnemu rozvoju. Základné podmienky úspešného čerpania prostriedkov zo štrukturálnych fondov. Význam projektového manažmentu ako nástroja riadenia a implementácie regionálnej politiky. Sch...

Ausführliche Beschreibung

Gespeichert in:
Bibliographische Detailangaben
1. Verfasser: Ivaničková, Alžbeta
Format: Buchkapitel
Sprache:Slowakisch
Schlagworte:
Tags: Tag hinzufügen
Keine Tags, Fügen Sie das erste Tag hinzu!

MARC

LEADER 00000naa$a2200000$$$4500
001 0053965
005 20240502071626.3
041 0 |a slo 
044 |a SK 
245 1 0 |a Programovací cyklus štrukturálnych fondov ako faktor zmien podpory regionálneho rozvoja v Slovenskej republike  |c Alžbeta Ivaničková 
520 |a Implementácia predvstupových fondov EÚ v Slovenskej republike ako prvý pokus o hľadanie nových prístupov k regionálnemu rozvoju. Základné podmienky úspešného čerpania prostriedkov zo štrukturálnych fondov. Význam projektového manažmentu ako nástroja riadenia a implementácie regionálnej politiky. Schválené projekty a projekty v realizácii podľa krajov SR. Stav implementácie štrukturálnych fondov v programovacom období 2004-2006. Zložitá príprava na čerpanie prostriedkov z EÚ v novom programovacom období 2007-2013. 
610 2 0 |a regióny 
610 2 0 |a politika regionálna 
610 2 0 |a rozvoj regionálny 
610 2 0 |a fondy štruktúrne 
610 2 0 |a spolupráca hospodárska medzinárodná 
610 2 0 |a projekty 
610 2 0 |a Európska únia 
610 2 0 |a Slovensko 
100 1 |a Ivaničková, Alžbeta